| 000 | 01127cam a2200253 4500500 | ||
|---|---|---|---|
| 005 | 20260201144438.0 | ||
| 041 | _afre | ||
| 042 | _adc | ||
| 100 | 1 | 0 |
_aBosc, Patrice _eauthor |
| 245 | 0 | 0 | _aLe mot nu ment |
| 260 | _c2018. | ||
| 500 | _a85 | ||
| 520 | _aCe petit texte joue des mots pour dire leur puissance, mais aussi leur dépendance à l’interprétation à venir, la seule qui vaille, et ainsi conclure de leur inexistence dans leur isolement et leur fossilisation. Pour dire sans doute, ce qui n’est pas encore dit là, qu’il n’y a de mot et de langage que dans l’interprétation, dans le croisement des langues, étrangères ou familières. | ||
| 690 | _ale commerce des mots | ||
| 690 | _ale mot | ||
| 690 | _ale mot en devenir | ||
| 690 | _ale mot en tant que chiffre | ||
| 690 | _ale mot en tant que subversif | ||
| 690 | _ales mots qui libèrent | ||
| 690 | _amot juste et vérité | ||
| 690 | _avoix et voie des mots | ||
| 786 | 0 | _nEmpan | 111 | 3 | 2018-08-31 | p. 121-122 | 1152-3336 | |
| 856 | 4 | 1 | _uhttps://shs.cairn.info/revue-empan-2018-3-page-121?lang=fr&redirect-ssocas=7080 |
| 999 |
_c1642919 _d1642919 |
||